[Event "FRA-ch Blitz Online Qual"]
[Site "Europe Echecs INT"]
[Date "2020.05.16"]
[Round "2"]
[White "Bag, Ayoub"]
[Black "Lefrancois, Jean"]
[Result "1-0"]
[WhiteElo "1467"]
[BlackElo "1038"]
[PlyCount "149"]
[EventDate "2020.05.16"]
[EventType "swiss (blitz)"]
[EventRounds "15"]
[EventCountry "FRA"]
[SourceTitle "CBM 196 Extra"]
[Source "ChessBase"]
[SourceDate "2020.07.31"]
[SourceVersion "1"]
[SourceVersionDate "2020.07.31"]
[SourceQuality "1"]

1. e4 e5 2. Nf3 Nc6 3. Bc4 Bc5 4. c3 Nf6 5. d4 exd4 6. cxd4 Bb4+ 7. Bd2 Bxd2+ 8. Nbxd2 d6 9. 0-0 0-0 10. Qc2 Re8 11. Rfe1 Bg4 12. e5 dxe5 13. dxe5 Nd7 14. Qb3 Rf8 15. h3 Bxf3 16. Nxf3 Na5 17. Qc3 Nxc4 18. Qxc4 Re8 19. Rad1 Qc8 20. e6 fxe6 21. Rxe6 Kh8 22. Rxe8+ Qxe8 23. Qd5 Nb6 24. Qb3 Rd8 25. Rxd8 Qxd8 26. Ne5 Qd5 27. Qa3 h6 28. Qf8+ Kh7 29. Qf5+ Kg8 30. Qf4 Qe6 31. Nf3 Qf7 32. Qe4 Qxa2 33. Qxb7 Qxb2 34. Qxc7 Qb1+ 35. Kh2 Qg6 36. Qxa7 Qd6+ 37. g3 Nd7 38. Qa8+ Kh7 39. Qe4+ Qg6 40. Qxg6+ Kxg6 41. Kg2 Nf6 42. Nh2 Ne4 43. Kf3 Ng5+ 44. Kg2 Kf5 45. f4 Ne4 46. Kf3 Nd2+ 47. Ke2 Nc4 48. Nf1 g5 49. Ne3+ Nxe3 50. Kxe3 gxf4+ 51. gxf4 Kf6 52. Ke4 Ke6 53. f5+ Kf6 54. Kf4 Kg7 55. Ke5 Kf7 56. f6 h5 57. Kf5 h4 58. Kg5 Kf8 59. Kxh4 Kf7 60. Kg5 Kf8 61. Kg6 Kg8 62. h4 Kf8 63. h5 Kg8 64. f7+ Kf8 65. h6 Ke7 66. Kg7 Ke6 67. f8Q Ke5 68. h7 Ke4 69. h8Q Ke3 70. Qh6+ Ke2 71. Qe6+ Kd3 72. Qd8+ Kc3 73. Qc6+ Kb4 74. Qb8+ Ka5 75. Qca8# 1-0

[Event "FRA-ch Blitz Online Qual"]
[Site "Europe Echecs INT"]
[Date "2020.05.16"]
[Round "10"]
[White "Viennois, Romain"]
[Black "Lefrancois, Jean"]
[Result "0-1"]
[WhiteElo "1981"]
[BlackElo "1038"]
[PlyCount "62"]
[EventDate "2020.05.16"]
[EventType "swiss (blitz)"]
[EventRounds "15"]
[EventCountry "FRA"]
[SourceTitle "CBM 196 Extra"]
[Source "ChessBase"]
[SourceDate "2020.07.31"]
[SourceVersion "1"]
[SourceVersionDate "2020.07.31"]
[SourceQuality "1"]

1. e4 e5 2. Nf3 Nc6 3. Bb5 Bc5 4. c3 Nf6 5. d4 exd4 6. cxd4 Bb4+ 7. Bd2 Bxd2+ 8. Nbxd2 0-0 9. d5 Ne7 10. 0-0 c6 11. dxc6 dxc6 12. Bc4 Ng6 13. Re1 Re8 14. Qb3 Be6 15. Qxb7 Bxc4 16. Nxc4 Rb8 17. Qxc6 Rc8 18. Qb5 Qd3 19. Rad1 Qxc4 20. Qxc4 Rxc4 21. e5 Ng4 22. h3 Nh6 23. Rd7 Rc2 24. Rxa7 Rxb2 25. a4 Nf5 26. a5 h6 27. a6 Ra2 28. g4 Nfe7 29. h4 Nc6 30. Rc7 Ncxe5 31. a7 Nxf3+ 0-1